WNBA Finals Losers - Statistics

General Stats
  • This quiz has been taken 34 times
    23 since last reset
  • The average score is 13 of 28
Answer Stats
Year Team % Correct
2024 Minnesota Lynx
100%
2023 New York Liberty
100%
2021 Phoenix Mercury
85%
2022 Connecticut Sun
80%
2020 Las Vegas Aces
75%
2019 Connecticut Sun
60%
2018 Washington Mystics
60%
2017 Los Angeles Sparks
55%
2016 Minnesota Lynx
55%
2012 Minnesota Lynx
50%
2014 Chicago Sky
45%
2015 Indiana Fever
45%
1997 New York Liberty
45%
2013 Atlanta Dream
40%
2011 Atlanta Dream
40%
2010 Atlanta Dream
40%
1998 Phoenix Mercury
40%
2003 Los Angeles Sparks
35%
2000 New York Liberty
35%
1999 New York Liberty
35%
2005 Connecticut Sun
30%
2004 Connecticut Sun
30%
2009 Indiana Fever
25%
2002 New York Liberty
25%
2006 Sacramento Monarchs
25%
2007 Detroit Shock
20%
2001 Charlotte Sting
15%
2008 San Antonio Silver Stars
15%
No matching quizzes found
Score Distribution
Percent of People with Each Score
Percentile by Number Answered
Your Score History
You have not taken this quiz since the last reset